=LDR 00000nam 2200000 4500 =001 INLIS000000000014839 =005 20130612110123 =008 ***********************************Ind** =035 ##$$0010-061300000014839 =041 ##$$a Ind =082 ##$$a 380.107 =090 ##$$a 380.107, Ran r =100 ##$$a Rangkuti, Freddy =245 ##$$a Riset pemasaran, Freddy Rangkuti =260 ##$$a 1997 $b Jakarta =300 ##$$a xv, 328 hlm, Ilus, 23 cm =650 ##$$a Pemasaran - Penelitian =850 ##$$a NBPNMAT =990 ##$$a 0001/BPAP-NTB/20142015